[Event "ODJM B 2014"]
[Site "Magdeburg GER"]
[Date "2014.06.10"]
[Round "4"]
[White "Schmidt, Alexandra"]
[Black "Henning, Marvin"]
[Result "1/2-1/2"]
[Termination "normal"]
[Board "1"]
[WhiteElo "1518"]
[BlackElo "1569"]
[WhiteClock "00:37:10"]
[BlackClock "00:39:48"]
[PlyCount "70"]
[WhiteFideId "12946036"]
[BlackFideId "12957399"]
[EventCountry "GER"]
[EventRounds "9"]
[EventType "swiss"]
[EventDate "2014.06.07"]

1. e4 c5 2. Nc3 g6 3. f4 a6 4. Nf3 Bg7 5. Be2 b5 6. a3 Bb7 7. d3 d6 8. O-O Nd7
9. Qe1 h6 10. Nd1 e6 11. f5 Ngf6 12. fxe6 fxe6 13. Qg3 Nf8 14. e5 dxe5 15. Nxe5
Nh5 16. Rxf8+ Rxf8 17. Qxg6+ Ke7 18. Bxh5 Qd4+ 19. Ne3 Qxe5 20. Bd2 Qg5 21.
Nd5+ Qxd5 22. Qxg7+ Kd6 23. Bf3 Rxf3 24. gxf3 Qxf3 25. Qg3+ Qxg3+ 26. hxg3 Rg8
27. Kh2 Rf8 28. Be3 h5 29. Re1 Rf5 30. Kg1 Bd5 31. Rf1 Rxf1+ 32. Kxf1 Bf3 33.
Ke1 Kd5 34. Kd2 a5 35. Bg5 Bg4 1/2-1/2

[Event "ODJM B 2014"]
[Site "Magdeburg GER"]
[Date "2014.06.10"]
[Round "4"]
[White "Thumm, Niklas"]
[Black "Reyher, Susan"]
[Result "1-0"]
[Termination "normal"]
[Board "2"]
[WhiteElo "1521"]
[BlackElo "1436"]
[WhiteClock "00:17:00"]
[BlackClock "00:18:21"]
[PlyCount "81"]
[WhiteFideId "12918733"]
[BlackFideId "24686107"]
[EventCountry "GER"]
[EventRounds "9"]
[EventType "swiss"]
[EventDate "2014.06.07"]

1. e4 e5 2. Nf3 Nc6 3. Bc4 Nf6 4. Nc3 Bc5 5. d3 d6 6. Bg5 h6 7. Bh4 g5 8. Bg3
Bg4 9. Qd2 Bxf3 10. gxf3 Nd4 11. Qd1 Qe7 12. Na4 O-O-O 13. c3 Nc6 14. b4 Nxb4
15. Nxc5 dxc5 16. cxb4 cxb4 17. Qb3 Nd7 18. Rb1 Nc5 19. Qxb4 Nxd3+ 20. Bxd3
Qxb4+ 21. Rxb4 Rxd3 22. Bxe5 Rhd8 23. O-O Rxf3 24. Rd4 Rxd4 25. Bxd4 Ra3 26.
Rd1 Ra6 27. Rd2 Rd6 28. Kg2 h5 29. Be3 Rg6 30. Rd5 f6 31. e5 fxe5 32. Rxe5 Ra6
33. Rxg5 h4 34. Rg4 Rxa2 35. Rxh4 b5 36. Rb4 a6 37. h4 Rc2 38. h5 Rc6 39. h6
Rg6+ 40. Kf1 c5 41. Rh4 1-0

[Event "ODJM B 2014"]
[Site "Magdeburg GER"]
[Date "2014.06.10"]
[Round "4"]
[White "Glaser, Maximilian"]
[Black "Friedrich, Robert"]
[Result "1-0"]
[Termination "normal"]
[Board "3"]
[WhiteElo "1397"]
[BlackElo "1397"]
[WhiteClock "01:01:13"]
[BlackClock "00:30:00"]
[PlyCount "93"]
[WhiteFideId "12956961"]
[BlackFideId "1271541"]
[EventCountry "GER"]
[EventRounds "9"]
[EventType "swiss"]
[EventDate "2014.06.07"]

1. e4 e5 2. Nc3 Nf6 3. Bc4 Bc5 4. d3 h6 5. f4 d6 6. Nf3 Nc6 7. Na4 Bb6 8. Nxb6
axb6 9. f5 Na5 10. h3 Nxc4 11. dxc4 Nxe4 12. g4 Bd7 13. Be3 Bc6 14. Rg1 Qd7 15.
Nd2 h5 16. Nxe4 Bxe4 17. Qe2 hxg4 18. Qxg4 Bxf5 19. Qxg7 O-O-O 20. O-O-O Bg6
21. b3 Qf5 22. Rxg6 fxg6 23. a4 Rxh3 24. Bd2 Qe6 25. Rf1 Rhh8 26. Rf7 Rh1+ 27.
Kb2 Rd7 28. Qg8+ Rd8 29. Rxc7+ Kxc7 30. Qxe6 Rg1 31. a5 Rh1 32. Qxg6 Rhh8 33.
Qg7+ Kc6 34. axb6 Kxb6 35. Be3+ Kc6 36. b4 b5 37. cxb5+ Kxb5 38. Kb3 Kc6 39. c3
Rhg8 40. Qf7 Rgf8 41. Qc4+ Kd7 42. Bg5 Rc8 43. Qd5 Rg8 44. Bf6 Rge8 45. c4 e4
46. c5 Rc6 47. Qf7+ 1-0

[Event "ODJM B 2014"]
[Site "Magdeburg GER"]
[Date "2014.06.10"]
[Round "4"]
[White "Hofele, Mathis"]
[Black "Biermann, Florian"]
[Result "1-0"]
[Termination "normal"]
[Board "4"]
[WhiteElo "1520"]
[BlackElo "1725"]
[WhiteClock "00:46:41"]
[BlackClock "00:13:43"]
[PlyCount "67"]
[WhiteFideId "12963844"]
[BlackFideId "12970069"]
[EventCountry "GER"]
[EventRounds "9"]
[EventType "swiss"]
[EventDate "2014.06.07"]

1. e4 c5 2. Nc3 Nc6 3. g3 g6 4. Bg2 Bg7 5. d3 e6 6. Be3 d6 7. Qd2 Nge7 8. Nge2
Nd4 9. Rb1 Nec6 10. O-O O-O 11. Nd1 f5 12. Nxd4 Nxd4 13. c3 Nc6 14. exf5 exf5
15. Bd5+ Kh8 16. Bh6 Ne5 17. Bxg7+ Kxg7 18. f4 Ng4 19. Re1 Nf6 20. Bg2 Qb6 21.
c4 Bd7 22. Nc3 Bc6 23. Bxc6 Qxc6 24. Re6 Qd7 25. Rbe1 Rf7 26. Nb5 a6 27. Nxd6
Rd8 28. Nxf7 Qd4+ 29. Qe3 Kxf7 30. Qxd4 Rxd4 31. Re7+ Kg8 32. Rxb7 Rxd3 33.
Ree7 Rd4 34. Rb8+ 1-0

[Event "ODJM B 2014"]
[Site "Magdeburg GER"]
[Date "2014.06.10"]
[Round "4"]
[White "Giede, Anna-Blume"]
[Black "Meyer, Nico"]
[Result "1/2-1/2"]
[Termination "normal"]
[Board "5"]
[WhiteElo "1457"]
[BlackElo "1486"]
[WhiteClock "00:22:10"]
[BlackClock "00:12:44"]
[PlyCount "43"]
[WhiteFideId "12921980"]
[BlackFideId "12975257"]
[EventCountry "GER"]
[EventRounds "9"]
[EventType "swiss"]
[EventDate "2014.06.07"]

1. e4 e5 2. Nf3 Nc6 3. d4 exd4 4. Nxd4 Bc5 5. Be3 Qf6 6. c3 a6 7. Bc4 d6 8. O-O
Ne5 9. Be2 Qg6 10. f4 Qxe4 11. Qd2 Nc6 12. Bf3 Qe7 13. Re1 Qd7 14. Nxc6 bxc6
15. Bxc5+ Ne7 16. Qe3 Bb7 17. Bb4 Kf8 18. Nd2 Nf5 19. Qf2 Qd8 20. g3 h5 21. Ne4
c5 22. Nxc5 1/2-1/2

[Event "ODJM B 2014"]
[Site "Magdeburg GER"]
[Date "2014.06.10"]
[Round "4"]
[White "Hoang, Viet Long"]
[Black "Grund, Melanie"]
[Result "1/2-1/2"]
[Termination "normal"]
[Board "6"]
[WhiteElo "1459"]
[BlackElo "1344"]
[WhiteClock "00:08:20"]
[BlackClock "00:48:15"]
[PlyCount "51"]
[WhiteFideId "12964824"]
[BlackFideId "12988804"]
[EventCountry "GER"]
[EventRounds "9"]
[EventType "swiss"]
[EventDate "2014.06.07"]

1. e4 g6 2. Nf3 d6 3. d4 Bg7 4. Nc3 e6 5. Be3 Ne7 6. Qd2 Nd7 7. Bc4 O-O 8. Bh6
b6 9. Bxg7 Kxg7 10. h3 Bb7 11. O-O Rc8 12. Rad1 d5 13. exd5 exd5 14. Bd3 a6 15.
Rfe1 Re8 16. Qf4 c5 17. dxc5 bxc5 18. Ne5 Nxe5 19. Qxe5+ Kg8 20. Qf4 Qc7 21.
Qxc7 Rxc7 22. Bxa6 Bxa6 23. Nxd5 Ra7 24. Nf6+ Kf8 25. Nxe8 Kxe8 26. Re5 1/2-1/2

[Event "ODJM B 2014"]
[Site "Magdeburg GER"]
[Date "2014.06.10"]
[Round "4"]
[White "Silber, Kevin"]
[Black "Bethke, Robert"]
[Result "1-0"]
[Termination "normal"]
[Board "8"]
[WhiteElo "1522"]
[BlackElo "1545"]
[PlyCount "69"]
[WhiteFideId "12930440"]
[BlackFideId "12959251"]
[EventCountry "GER"]
[EventRounds "9"]
[EventType "swiss"]
[EventDate "2014.06.07"]

1. c4 c5 2. e4 Nc6 3. Ne2 Nf6 4. Nbc3 g6 5. d4 cxd4 6. Nxd4 d6 7. Be3 Bg7 8.
Be2 Bd7 9. O-O O-O 10. Qd2 Ng4 11. Bxg4 Bxg4 12. f4 Nxd4 13. Bxd4 Be6 14. Bxg7
Kxg7 15. f5 Qb6+ 16. Kh1 Bxc4 17. Rf3 h5 18. b3 Bb5 19. Qg5 Rae8 20. Rg3 Rh8
21. Nxb5 Qxb5 22. f6+ exf6 23. Qxb5 Rxe4 24. Qxb7 Rhe8 25. h3 R8e7 26. Qd5 R7e6
27. Rd1 R4e5 28. Qd3 Re2 29. Qa6 d5 30. Qxa7 Re7 31. Qc5 Rd7 32. Rxd5 Rxd5 33.
Qxd5 Rxa2 34. Kh2 Rb2 35. Qb7 1-0

[Event "ODJM B 2014"]
[Site "Magdeburg GER"]
[Date "2014.06.10"]
[Round "4"]
[White "Trömer, Felix"]
[Black "Grey, Andrea"]
[Result "1-0"]
[Termination "normal"]
[Board "9"]
[WhiteElo "1438"]
[BlackElo "1205"]
[PlyCount "115"]
[WhiteFideId "12992879"]
[BlackFideId "12971880"]
[EventCountry "GER"]
[EventRounds "9"]
[EventType "swiss"]
[EventDate "2014.06.07"]

1. e4 d6 2. d4 g6 3. f4 Bg7 4. Be3 Nd7 5. Nf3 e5 6. fxe5 dxe5 7. dxe5 Nxe5 8.
Qxd8+ Kxd8 9. Nxe5 Bxe5 10. c3 Ne7 11. Bc4 Ke8 12. O-O Rf8 13. Bh6 Rh8 14.
Bxf7+ Kd8 15. Nd2 Kd7 16. Nc4 Bd6 17. Rad1 Kc6 18. Nxd6 cxd6 19. Bg7 Rd8 20.
Bf6 Bg4 21. Rd2 Rd7 22. h3 Rf8 23. Bxe7 Rc8 24. Bg5 Bxh3 25. gxh3 Rdc7 26. Bd5+
Kd7 27. Rdf2 Re8 28. Rf7+ Kc8 29. Rxc7+ Kxc7 30. Rf7+ Kc8 31. Bxb7+ Kb8 32. Bd5
h5 33. h4 a6 34. Rg7 Rh8 35. Rg8+ Rxg8 36. Bxg8 Kc7 37. Bf7 Kc6 38. Bxg6 Kc5
39. Be3+ Kc4 40. Bf4 Kc5 41. Bxh5 Kc6 42. Bf3 Kd7 43. h5 Ke7 44. Bxd6+ Kxd6 45.
h6 Ke5 46. h7 Kf4 47. Bg2 Ke3 48. h8=Q a5 49. Qd4+ Kf4 50. e5+ Kf5 51. Bh3+ Kg6
52. Qg4+ Kf7 53. Qe6+ Kg7 54. Qf6+ Kg8 55. Be6+ Kh7 56. Bf7 a4 57. Qg6+ Kh8 58.
Qg8# 1-0

[Event "ODJM B 2014"]
[Site "Magdeburg GER"]
[Date "2014.06.10"]
[Round "4"]
[White "Buller, Ian Joshua"]
[Black "Lange, Cecilia"]
[Result "0-1"]
[Termination "normal"]
[Board "10"]
[WhiteElo "1244"]
[BlackElo "1553"]
[PlyCount "112"]
[WhiteFideId "12990655"]
[BlackFideId "12976040"]
[EventCountry "GER"]
[EventRounds "9"]
[EventType "swiss"]
[EventDate "2014.06.07"]

1. e4 c6 2. d4 d5 3. Nc3 dxe4 4. Nxe4 Nd7 5. Nf3 Ngf6 6. Nc3 e6 7. Bg5 Be7 8.
Bc4 O-O 9. Qd2 b6 10. O-O-O Bb7 11. h4 Nd5 12. Nxd5 cxd5 13. Bd3 a6 14. h5 Bxg5
15. Nxg5 h6 16. Nf3 Nf6 17. Rdg1 Qc7 18. g4 Ne4 19. Qe3 f6 20. Bxe4 dxe4 21.
Nd2 Rac8 22. c3 Qc6 23. Rh3 Rfe8 24. f4 exf3 25. Nxf3 Qc7 26. Qf2 Qf4+ 27. Qd2
Qxd2+ 28. Kxd2 e5 29. dxe5 Bxf3 30. Rxf3 Rxe5 31. Rd3 Rce8 32. Kc2 Rg5 33. Rdg3
Re2+ 34. Kb3 Rb5+ 35. Kc4 Rexb2 36. a4 Ra5 37. Ra1 b5+ 38. Kd4 bxa4 39. c4 Rb4
40. Rc3 Rg5 41. Rg1 Kf7 42. Ke3 Rb3 43. Rxb3 axb3 44. Kd2 a5 45. Kc3 Ke6 46.
Kxb3 Kd6 47. Ka4 Kc6 48. Kb3 f5 49. Re1 fxg4 50. Re7 g3 51. Re1 g2 52. Rg1 Kc5
53. Kc3 a4 54. Kb2 Kxc4 55. Ka3 Kd3 56. Kxa4 Ke2 0-1

[Event "ODJM B 2014"]
[Site "Magdeburg GER"]
[Date "2014.06.10"]
[Round "4"]
[White "Lommel, Hagen"]
[Black "Kornitzky, Tino"]
[Result "1-0"]
[Termination "normal"]
[Board "11"]
[WhiteElo "1209"]
[BlackElo "1386"]
[PlyCount "109"]
[WhiteFideId "12972380"]
[BlackFideId "12970379"]
[EventCountry "GER"]
[EventRounds "9"]
[EventType "swiss"]
[EventDate "2014.06.07"]

1. e4 e6 2. d4 d5 3. exd5 exd5 4. Nf3 Nf6 5. Nc3 Bd6 6. Bd3 O-O 7. O-O Nc6 8.
h3 Re8 9. Re1 h6 10. Bd2 Be6 11. Be3 Qd7 12. Kf1 Rab8 13. Qd2 Bf5 14. Bxf5 Qxf5
15. a3 Na5 16. b3 b5 17. Qc1 b4 18. Na4 Qd7 19. Nc5 Qb5+ 20. Kg1 bxa3 21. Qxa3
Bxc5 22. Qxc5 Qxc5 23. dxc5 Nc6 24. Nd4 Nxd4 25. Bxd4 Rxe1+ 26. Rxe1 Kf8 27.
Bxf6 gxf6 28. Rd1 c6 29. Rd3 Rb5 30. Rc3 Ke7 31. Kf1 Ke6 32. Ke2 d4 33. Rc4 Kd5
34. Kd3 Rxc5 35. Rxd4+ Ke6 36. Rc4 Rd5+ 37. Rd4 Rg5 38. g4 h5 39. f3 hxg4 40.
hxg4 c5 41. Ra4 a5 42. Kc4 f5 43. gxf5+ Rxf5 44. Rxa5 Rxf3 45. Rxc5 Kd6 46.
Rd5+ Kc6 47. Rd3 Rf2 48. c3 f5 49. Kd4 Rf1 50. b4 Rf2 51. Ke3 Rf1 52. Ke2 Rf4
53. Rd4 Rg4 54. Rxg4 fxg4 55. Ke3 1-0

[Event "ODJM B 2014"]
[Site "Magdeburg GER"]
[Date "2014.06.10"]
[Round "4"]
[White "Lilienthal, Niels Bennett"]
[Black "Von Jan, Lena"]
[Result "0-1"]
[Termination "normal"]
[Board "13"]
[WhiteElo "1167"]
[BlackElo "1322"]
[PlyCount "58"]
[WhiteFideId "16205421"]
[BlackFideId "12946060"]
[EventCountry "GER"]
[EventRounds "9"]
[EventType "swiss"]
[EventDate "2014.06.07"]

1. e4 e5 2. Nf3 Nc6 3. Bb5 a6 4. Bxc6 dxc6 5. d3 Bd6 6. d4 Bg4 7. Be3 Qe7 8.
Nbd2 Nf6 9. c4 exd4 10. Bxd4 Nxe4 11. O-O Nxd2 12. Qxd2 O-O 13. c5 Bxc5 14.
Rfe1 Qd6 15. Qg5 Bxd4 16. Qxg4 Bf6 17. Ng5 Be5 18. g3 h6 19. Qf5 hxg5 20. Rxe5
f6 21. Ree1 Rad8 22. Re2 Rfe8 23. Rae1 Rxe2 24. Rxe2 Qd1+ 25. Kg2 Qxe2 26. Qa5
Qe5 27. Qb4 Qd5+ 28. Kf1 Qb5+ 29. Qxb5 axb5 0-1

[Event "ODJM B 2014"]
[Site "Magdeburg GER"]
[Date "2014.06.10"]
[Round "4"]
[White "Adelmeyer, Matti"]
[Black "Yi, Wendy"]
[Result "1-0"]
[Termination "normal"]
[Board "14"]
[WhiteElo "1316"]
[BlackElo "1159"]
[PlyCount "105"]
[WhiteFideId "12962520"]
[BlackFideId "16224850"]
[EventCountry "GER"]
[EventRounds "9"]
[EventType "swiss"]
[EventDate "2014.06.07"]

1. e4 e5 2. Nf3 Nc6 3. d4 exd4 4. Nxd4 d5 5. Nxc6 bxc6 6. Nc3 Be6 7. Be2 Bb4 8.
exd5 Bxd5 9. O-O Bxc3 10. bxc3 Nf6 11. Bg5 h6 12. Bh4 Qe7 13. Bf3 O-O 14. Re1
Qd6 15. Bxd5 Nxd5 16. c4 Nb4 17. c3 Qxd1 18. Rexd1 Na6 19. Bg3 Rac8 20. Rd7
Rfd8 21. Rad1 Rxd7 22. Rxd7 Kf8 23. f3 Ke8 24. Rd2 Rb8 25. Be5 g5 26. Bg7 h5
27. Bf6 g4 28. fxg4 hxg4 29. Kf2 Nc5 30. Re2+ Kd7 31. Kg3 Rg8 32. Bd4 Na4 33.
Re4 f5 34. Re5 Nb2 35. Rxf5 Nxc4 36. Bxa7 Ra8 37. Bd4 Rxa2 38. Rf4 Nd2 39. Kxg4
Nc4 40. Rf2 Ne5+ 41. Kf5 Rxf2+ 42. Bxf2 Nf7 43. h4 Nd6+ 44. Kg6 Ke6 45. h5 Nf5
46. g4 Ne7+ 47. Kg7 Nd5 48. h6 Nf6 49. h7 Nxh7 50. Kxh7 Kf6 51. Kh6 c5 52. g5+
Kf7 53. Kh7 1-0

[Event "ODJM B 2014"]
[Site "Magdeburg GER"]
[Date "2014.06.10"]
[Round "4"]
[White "Maar, Patricia"]
[Black "Tham, Minh"]
[Result "0-1"]
[Termination "normal"]
[Board "15"]
[WhiteElo "1093"]
[BlackElo "1275"]
[PlyCount "68"]
[WhiteFideId "12952630"]
[BlackFideId "12997323"]
[EventCountry "GER"]
[EventRounds "9"]
[EventType "swiss"]
[EventDate "2014.06.07"]

1. c4 e5 2. Nc3 Nf6 3. e3 Be7 4. Nge2 d6 5. g3 Be6 6. Bg2 c6 7. b3 Qd7 8. O-O
Bh3 9. d4 Bxg2 10. Kxg2 e4 11. d5 cxd5 12. Nxd5 Nc6 13. Bb2 O-O-O 14. f3 exf3+
15. Rxf3 Qe6 16. Nd4 Nxd4 17. Bxd4 Kb8 18. Qc1 Rhg8 19. Qa3 a6 20. Qa5 Nxd5 21.
cxd5 Qg4 22. Rxf7 Rc8 23. Qb6 Rc2+ 24. Kg1 Rgc8 25. Qa7+ Kc7 26. Rxe7+ Kd8 27.
Rc7 R8xc7 28. Qb6 Kd7 29. Rf1 Rc1 30. Bb2 Rxf1+ 31. Kxf1 Qd1+ 32. Kg2 Qe2+ 33.
Kh3 Qh5+ 34. Kg2 Rc2+ 0-1

[Event "ODJM B 2014"]
[Site "Magdeburg GER"]
[Date "2014.06.10"]
[Round "4"]
[White "Schneider, Edward"]
[Black "Wiemann, Daniel"]
[Result "0-1"]
[Termination "normal"]
[Board "16"]
[WhiteElo "1078"]
[BlackElo "1393"]
[PlyCount "104"]
[WhiteFideId "16200870"]
[BlackFideId "12942944"]
[EventCountry "GER"]
[EventRounds "9"]
[EventType "swiss"]
[EventDate "2014.06.07"]

1. e4 e6 2. d4 d5 3. exd5 exd5 4. Nf3 Bd6 5. c4 c6 6. Nc3 Ne7 7. Bd3 Bg4 8. h3
Bxf3 9. Qxf3 Bc7 10. Bf4 Bxf4 11. Qxf4 Na6 12. a3 Nc7 13. O-O Ne6 14. Qe3 dxc4
15. Bxc4 Nf5 16. Qe4 Nd6 17. Qe2 Nxc4 18. Qxc4 Qxd4 19. Qxd4 Nxd4 20. Rfe1+ Ne6
21. Ne4 O-O-O 22. b4 h6 23. Re2 Nd4 24. Rb2 Rhe8 25. Nc3 Kd7 26. b5 c5 27. Na4
b6 28. Nc3 Kc7 29. a4 Ra8 30. a5 Kd6 31. axb6 axb6 32. Ra6 Rxa6 33. bxa6 Kc6
34. Na4 b5 35. a7 Ra8 36. Nc3 Rxa7 37. f4 b4 38. Ne2 Nxe2+ 39. Rxe2 b3 40. Rb2
c4 41. Kf2 Ra2 42. Rxa2 bxa2 43. Ke2 a1=Q 44. Kd2 c3+ 45. Kd3 Qb2 46. Ke3 c2
47. Kd3 c1=R 48. Ke3 Qb4 49. Kf3 Rc3+ 50. Kg4 h5+ 51. Kxh5 Qxf4 52. g3 g6# 0-1

[Event "ODJM B 2014"]
[Site "Magdeburg GER"]
[Date "2014.06.10"]
[Round "4"]
[White "Kleine, Jakob"]
[Black "Tamrazyan, Gohar"]
[Result "1-0"]
[Termination "normal"]
[Board "17"]
[WhiteElo "1198"]
[BlackElo "1483"]
[PlyCount "137"]
[WhiteFideId "12979821"]
[BlackFideId "1330799"]
[EventCountry "GER"]
[EventRounds "9"]
[EventType "swiss"]
[EventDate "2014.06.07"]

1. e4 c5 2. Nf3 Nc6 3. c3 Nf6 4. e5 Ng4 5. d4 cxd4 6. cxd4 d6 7. Bb5 Bd7 8. h3
Nh6 9. exd6 exd6 10. O-O Nf5 11. Qd3 g6 12. Bg5 Be7 13. Re1 O-O 14. Bxc6 Bxc6
15. Bxe7 Nxe7 16. Nc3 Bxf3 17. Qxf3 Nc6 18. Rad1 Qb6 19. Rd2 Nxd4 20. Qd3 Nf5
21. Kf1 Rad8 22. g4 Ng7 23. Re7 Ne6 24. Qd5 Qc6 25. Rxb7 Qa6+ 26. Qb5 Qxb5+ 27.
Nxb5 Nf4 28. h4 d5 29. Rxa7 Rfe8 30. Ra4 Ne6 31. Nc3 d4 32. Ne2 d3 33. Nc1 Nc5
34. Ra3 Re4 35. Rc3 Na4 36. Rcxd3 Rxd3 37. Rxd3 Nxb2 38. Rd8+ Kg7 39. f3 Rc4
40. Nd3 Nxd3 41. Rxd3 Rc1+ 42. Ke2 Rh1 43. a4 Ra1 44. Rd4 Kf6 45. Kd3 Ke5 46.
Rb4 Kd5 47. Ke3 Kc5 48. Rb7 Ra3+ 49. Kf2 Rxa4 50. Rxf7 Kd6 51. Rxh7 Ke6 52. Rh6
Kf6 53. h5 Kg7 54. Rxg6+ Kh7 55. Kg3 Ra5 56. f4 Ra3+ 57. Kh4 Ra8 58. Kg5 Rb8
59. f5 Rf8 60. h6 Kh8 61. Re6 Rg8+ 62. Kh5 Rf8 63. Re7 Rd8 64. g5 Rf8 65. f6
Rg8 66. f7 Rf8 67. Re8 Kh7 68. g6+ Kh8 69. Rxf8# 1-0

[Event "ODJM B 2014"]
[Site "Magdeburg GER"]
[Date "2014.06.10"]
[Round "4"]
[White "Eggert, Daniela"]
[Black "Jäger, Gustav"]
[Result "1-0"]
[Termination "normal"]
[Board "18"]
[WhiteElo "1405"]
[BlackElo "1152"]
[PlyCount "137"]
[WhiteFideId "12991490"]
[BlackFideId "12957364"]
[EventCountry "GER"]
[EventRounds "9"]
[EventType "swiss"]
[EventDate "2014.06.07"]

1. e4 e5 2. Nf3 Nc6 3. Nc3 Bc5 4. Bb5 d6 5. d4 exd4 6. Bxc6+ bxc6 7. Nxd4 Qf6
8. Be3 Ne7 9. Qd2 O-O 10. Rd1 Qg6 11. f3 Rb8 12. Na4 Bxd4 13. Bxd4 c5 14. Be3
Bd7 15. Nxc5 Be6 16. Nxe6 fxe6 17. b3 a6 18. O-O Rf7 19. Qa5 Nc6 20. Qxa6 Nb4
21. Qa7 Rbf8 22. c3 c5 23. Qb6 Nc2 24. Kf2 Qh5 25. Ke2 Qxh2 26. Qxd6 Qxg2+ 27.
Rf2 Qh3 28. Rdf1 Rc8 29. Rh2 Qxf1+ 30. Kxf1 Nxe3+ 31. Ke1 Rcf8 32. Qxe6 Kh8 33.
Rf2 h6 34. Ke2 Nc2 35. Qc6 Rd8 36. e5 Rfd7 37. f4 Rd2+ 38. Kf1 Ne3+ 39. Ke1
Nc2+ 40. Kf1 Ne3+ 41. Kg1 Rd1+ 42. Kh2 Ng4+ 43. Kg2 Nxf2 44. Kxf2 R1d2+ 45. Ke3
R8d3+ 46. Ke4 Rxc3 47. e6 Rd4+ 48. Kf5 Rcd3 49. e7 Rd5+ 50. Ke6 Re3+ 51. Kf7
Rf5+ 52. Ke8 Rd3 53. a4 h5 54. a5 Rxf4 55. a6 Rxb3 56. a7 Ra3 57. a8=Q Rxa8+
58. Qxa8 Kg8 59. Qd5+ Kh7 60. Kd7 Rd4 61. Qxd4 cxd4 62. e8=Q Kh6 63. Qe4 g6 64.
Ke6 d3 65. Qxd3 Kg5 66. Qg3+ Kh6 67. Kf6 g5 68. Qxg5+ Kh7 69. Qg7# 1-0

[Event "ODJM B 2014"]
[Site "Magdeburg GER"]
[Date "2014.06.10"]
[Round "4"]
[White "Breß, Aaron"]
[Black "Hoffmann, Simon"]
[Result "1-0"]
[Termination "normal"]
[Board "19"]
[WhiteElo "1364"]
[BlackElo "1126"]
[PlyCount "63"]
[WhiteFideId "12996432"]
[BlackFideId "12979686"]
[EventCountry "GER"]
[EventRounds "9"]
[EventType "swiss"]
[EventDate "2014.06.07"]

1. e4 e5 2. Nf3 Nc6 3. Bb5 Bc5 4. O-O d6 5. c3 Bg4 6. d4 exd4 7. cxd4 Bb4 8. a3
Ba5 9. b4 Bb6 10. d5 a6 11. Ba4 Bxf3 12. Qxf3 Bd4 13. Ra2 b5 14. dxc6 bxa4 15.
Qd1 Be5 16. Nd2 Qh4 17. Nf3 Qxe4 18. Nxe5 dxe5 19. Qd7+ Kf8 20. Qxc7 Ne7 21.
Rd2 f6 22. Rd7 Re8 23. Be3 Qxc6 24. Rxe7 Qxc7 25. Rxc7 Ra8 26. Rd1 h6 27. Rdd7
Rg8 28. Bc5+ Ke8 29. Kf1 Rd8 30. Re7+ Kf8 31. Rf7+ Ke8 32. Rce7# 1-0

[Event "ODJM B 2014"]
[Site "Magdeburg GER"]
[Date "2014.06.10"]
[Round "4"]
[White "Petri, Ben-Luca"]
[Black "Kung, Fanny"]
[Result "1-0"]
[Termination "normal"]
[Board "20"]
[WhiteElo "1394"]
[BlackElo "1118"]
[PlyCount "61"]
[WhiteFideId "12947261"]
[BlackFideId "12987689"]
[EventCountry "GER"]
[EventRounds "9"]
[EventType "swiss"]
[EventDate "2014.06.07"]

1. e4 d5 2. exd5 Nf6 3. Nf3 Nxd5 4. d4 Nc6 5. c4 Nb6 6. Be3 Bg4 7. Nbd2 e5 8.
h3 exd4 9. hxg4 dxe3 10. fxe3 Bc5 11. Qb3 Qe7 12. e4 O-O-O 13. O-O-O Rd7 14. a3
h6 15. g5 Rd6 16. Be2 h5 17. g4 g6 18. gxh5 Rxh5 19. Rxh5 gxh5 20. Rh1 f6 21.
gxf6 Qf7 22. e5 Re6 23. Ng5 Qf8 24. Nxe6 Qe8 25. Nxc5 Qxe5 26. f7 Qxc5 27. Qh3+
Kb8 28. Qxh5 Nd7 29. Qxc5 Nxc5 30. f8=R+ Nd8 31. Rxd8# 1-0

[Event "ODJM B 2014"]
[Site "Magdeburg GER"]
[Date "2014.06.10"]
[Round "4"]
[White "Franz, Franz Theodor"]
[Black "Manco, Michela"]
[Result "0-1"]
[Termination "normal"]
[Board "21"]
[WhiteElo "1048"]
[BlackElo "1541"]
[PlyCount "86"]
[WhiteFideId "12992674"]
[BlackFideId "12943908"]
[EventCountry "GER"]
[EventRounds "9"]
[EventType "swiss"]
[EventDate "2014.06.07"]

1. e4 e5 2. Nf3 Nc6 3. Bc4 Bc5 4. Nxe5 Nxe5 5. d4 Bxd4 6. Qxd4 Qf6 7. Nc3 Nf3+
8. gxf3 Qxd4 9. Bb3 c6 10. Be3 Qf6 11. f4 d6 12. O-O-O Bg4 13. Rd2 b6 14. Rg1
h5 15. Rg3 Bc8 16. Bd4 Qxf4 17. Bxg7 Rh7 18. e5 d5 19. Kd1 Bg4+ 20. Kc1 O-O-O
21. Bf6 Nxf6 22. exf6 Qxf6 23. h3 Be6 24. Nd1 Rg7 25. Re3 Re8 26. Re1 Bd7 27.
Rde2 Rxe2 28. Rxe2 Rg5 29. c3 Re5 30. Ne3 Bxh3 31. Kd2 Bg4 32. Nxg4 Rxe2+ 33.
Kxe2 hxg4 34. Bc2 Qf3+ 35. Ke1 f5 36. Bd1 Qh3 37. Bc2 Qh5 38. Bd1 Kc7 39. Kf1
f4 40. Kg2 Qh3+ 41. Kg1 g3 42. Bf3 Qh2+ 43. Kf1 Qxf2# 0-1

[Event "ODJM B 2014"]
[Site "Magdeburg GER"]
[Date "2014.06.10"]
[Round "4"]
[White "Triantafillidis, Simeon"]
[Black "Gan, Maxwell"]
[Result "1-0"]
[Termination "normal"]
[Board "22"]
[WhiteElo "1361"]
[BlackElo "1109"]
[PlyCount "97"]
[WhiteFideId "12953113"]
[BlackFideId "16210581"]
[EventCountry "GER"]
[EventRounds "9"]
[EventType "swiss"]
[EventDate "2014.06.07"]

1. e4 e5 2. Nf3 Nc6 3. Bc4 Bc5 4. b4 Bxb4 5. c3 Bc5 6. d4 exd4 7. O-O dxc3 8.
Bxf7+ Kxf7 9. Qd5+ Ke8 10. Qh5+ g6 11. Qxc5 Qe7 12. Qxc3 Nf6 13. Bg5 Rf8 14. e5
Nxe5 15. Nxe5 Qd6 16. Re1 Kd8 17. Ng4 c6 18. Bxf6+ Rxf6 19. Qxf6+ Qxf6 20. Nxf6
b6 21. Nc3 Ba6 22. Re8+ Kc7 23. Rxa8 h5 24. Rd1 d5 25. Re1 Kb7 26. Rae8 Bd3 27.
Nfxd5 cxd5 28. Nxd5 Bb5 29. Rf8 Bc4 30. Nb4 Kc7 31. Rc1 b5 32. Rf4 a5 33.
Rfxc4+ bxc4 34. Rxc4+ Kb6 35. Rc6+ Kb5 36. Rxg6 axb4 37. f4 Ka4 38. f5 Ka3 39.
f6 Kxa2 40. f7 b3 41. f8=Q b2 42. Ra6+ Kb3 43. Qb8+ Kc3 44. Rc6+ Kd4 45. Qd6+
Ke4 46. Rc4+ Ke3 47. Qd4+ Ke2 48. Rc2+ Ke1 49. Qd2# 1-0

[Event "ODJM B 2014"]
[Site "Magdeburg GER"]
[Date "2014.06.10"]
[Round "4"]
[White "Bajorski, Marius"]
[Black "Hostmann, Hannes"]
[Result "1-0"]
[Termination "normal"]
[Board "23"]
[WhiteElo "1807"]
[BlackElo "1081"]
[PlyCount "55"]
[WhiteFideId "12938831"]
[BlackFideId "16277619"]
[EventCountry "GER"]
[EventRounds "9"]
[EventType "swiss"]
[EventDate "2014.06.07"]

1. e4 e5 2. Nf3 Nc6 3. Bb5 Bc5 4. d3 d6 5. O-O Nf6 6. c3 O-O 7. Bg5 Bg4 8. Nbd2
h6 9. Bh4 Qe7 10. Qc2 Rad8 11. Rfe1 Qe6 12. a4 a5 13. h3 Bh5 14. g4 Bxg4 15.
hxg4 Qxg4+ 16. Kf1 Ne7 17. Bxf6 gxf6 18. Ke2 Ng6 19. Rg1 Qe6 20. Rxg6+ fxg6 21.
Bc4 d5 22. Bxd5 Rxd5 23. exd5 Qxd5 24. Qb3 Qxb3 25. Nxb3 b6 26. Nxc5 bxc5 27.
Rg1 g5 28. Nd2 1-0

[Event "ODJM B 2014"]
[Site "Magdeburg GER"]
[Date "2014.06.10"]
[Round "4"]
[White "Röhr, Oliver"]
[Black "Zimmer, Claudius"]
[Result "1/2-1/2"]
[Termination "normal"]
[Board "24"]
[WhiteElo "1245"]
[BlackElo "1081"]
[PlyCount "59"]
[WhiteFideId "12987697"]
[EventCountry "GER"]
[EventRounds "9"]
[EventType "swiss"]
[EventDate "2014.06.07"]

1. d4 d5 2. c4 e6 3. Nc3 c5 4. dxc5 Nf6 5. Bg5 Bxc5 6. cxd5 exd5 7. e3 Be6 8.
Nf3 Be7 9. Bd3 Nc6 10. Bc2 h6 11. Bh4 Ng4 12. Bxe7 Nxe7 13. h3 Nf6 14. O-O O-O
15. Ne2 Nc6 16. Ng3 Qb6 17. Rb1 Rfd8 18. a3 d4 19. e4 Ba2 20. Ra1 Qxb2 21. Qd3
Be6 22. e5 Ne8 23. Qh7+ Kf8 24. Qh8+ Ke7 25. Rfc1 d3 26. Bd1 Rab8 27. Rcb1 Qc3
28. Rc1 Qa5 29. Ne4 Nxe5 30. Rc5 1/2-1/2